The psychosocial interior of the family: a source book for the study of whole families
Salvato in:
| Autore principale: | |
|---|---|
| Natura: | Libro |
| Lingua: | inglese |
| Pubblicazione: |
Chicago
Aldine
1967
|
| Soggetti: | |
| Tags: |
Aggiungi Tag
Nessun Tag, puoi essere il primo ad aggiungerne!!
|
MARC
| LEADER | 00000nam a2200000 a 4500 | ||
|---|---|---|---|
| 001 | UCR9719 | ||
| 003 | CL-VaPUC | ||
| 008 | 980613e19670000US |||||||||||||||||eng|d | ||
| 082 | 0 | 4 | |a 303.85 |b HAN |2 21 |
| 100 | 0 | |a Handel, Gerald |e author |9 412547 | |
| 245 | 1 | 4 | |a The psychosocial interior of the family: a source book for the study of whole families |
| 300 | |a 560 p | ||
| 942 | |c BK | ||
| 945 | |d 19980613 00:00:00 |a crobeson | ||
| 260 | |a Chicago |b Aldine |c 1967 | ||
| 650 | 0 | |a Psicología social |9 222894 | |
| 650 | 0 | |a Familias |9 255641 | |
| 650 | 7 | |a PSICOTERAPIA |2 CL-VaPUC |9 412548 | |
| 583 | |a last modification |c 20130101 09:37:47 |k Rodrigo Vera | ||
| 999 | |c 270896 |d 270894 | ||
| 952 | |0 0 |1 0 |4 0 |6 303_850000000000000_HAN_1967 |7 0 |8 P |9 305350 |a BIBENE |b BIBENE |d 2019-11-20 |i 1418262 |o 303.85 HAN 1967 |p 1418262 |r 2025-01-15 |w 2019-11-20 |y BK |k ICO | ||